Networked Governance of Freedom and Tyranny (Record no. 351222)
[ view plain ]
| 000 -LEADER | |
|---|---|
| fixed length control field | 00714nam a2200145Ia 4500 |
| 008 - FIXED-LENGTH DATA ELEMENTS--GENERAL INFORMATION | |
| fixed length control field | 171212s9999 xx 000 0 und d |
| 020 ## - INTERNATIONAL STANDARD BOOK NUMBER | |
| International Standard Book Number | 9781921862755 |
| 100 ## - MAIN ENTRY--PERSONAL NAME | |
| Personal name | Braithwaite, John;Charlesworth, Hilary;Soares, Adérito |
| 245 ## - TITLE STATEMENT | |
| Statement of responsibility, etc | Braithwaite, John;Charlesworth, Hilary;Soares, Adérito |
| Title | Networked Governance of Freedom and Tyranny |
| Remainder of title | Peace in Timor-Leste |
| 260 ## - PUBLICATION, DISTRIBUTION, ETC. (IMPRINT) | |
| Name of publisher, distributor, etc | ANU E Press |
| Date of publication, distribution, etc | 2012 |
| 440 ## - SERIES STATEMENT/ADDED ENTRY--TITLE | |
| Title | Peacebuilding Compared |
| 650 ## - SUBJECT ADDED ENTRY--TOPICAL TERM | |
| Topical term or geographic name as entry element | History |
| 650 ## - SUBJECT ADDED ENTRY--TOPICAL TERM | |
| Topical term or geographic name as entry element | Timor-Leste -- Politics and government; Timor-Leste -- Autonomy and independence movements; Timor-Leste -- History; Timor-Leste -- Relations -- Australia; Australia -- Relations -- Timor-Leste |
| 856 ## - ELECTRONIC LOCATION AND ACCESS | |
| Uniform Resource Identifier | <a href="www.jstor.org/stable/10.2307/j.ctt24h2jz">www.jstor.org/stable/10.2307/j.ctt24h2jz</a> |
| Withdrawn status | Lost status | Damaged status | Home library | Current library | Date acquired | Total Checkouts | Date last seen | Price effective from | Koha item type |
|---|---|---|---|---|---|---|---|---|---|
| College Library | College Library | 12/12/2017 | 12/12/2017 | 12/12/2017 | Curriculum - Based eBooks |